LISP - Lokálny informačný systém podnikateľa výuková verzia = LISP - Local information system of the businessman - educational version : Dipl.práca

Na minha lista:
Detalhes bibliográficos
Autor principal: Osadský, Ján (Author)
Outros Autores: Galbavý, Miroslav (Thesis advisor)
Formato: Manuscrito Livro
Idioma:eslovaco
Publicado em: Bratislava : STU v Bratislave FEI, 1998
Assuntos:
Tags: Adicionar Tag
Sem tags, seja o primeiro a adicionar uma tag!

MARC

LEADER 00000ntm a22000003a 4500
001 stu50320
005 20160719164859.3
008 990719s1998------------------------slo-d
040 |a STU  |b slo 
041 0 |a slo 
100 1 |a Osadský, Ján  |4 aut 
245 1 |a LISP - Lokálny informačný systém podnikateľa výuková verzia = LISP - Local information system of the businessman - educational version :  |b Dipl.práca 
260 |a Bratislava :  |b STU v Bratislave FEI,  |c 1998 
300 |a 106 s. disketa 
650 7 |a informatika  |2 stusub 
700 1 |a Galbavý, Miroslav  |4 ths  |u E220  |U FEI Fakulta elektrotechniky a informatiky  |T FEI Katedra informatiky a výpočtovej techniky  |U E220  |Y 69 
996 |b EDIPL-5784  |c I*DIPL-5784  |l II680  |s A  |a 24  |w stu50320_0001